000
00220nam a2200073Ia 4500
008
170817s9999 xx 000 0 und d
100
_a
SINGH ARUN KAUMAR
245
0
_a
MADDHYAMIK SIKSHA PRABANDH EVAM SANDARBHIT DRISHTICON
260
_b
SRI KAVITA PRAKASHAN
999
_c
36694
_d
36694